Tri thức bách khoa về những điều nên tránh /
Nội dung cuốn sách đề cập toàn bộ các vấn đề có liên quan đến sự sinh trưởng và cuộc sống của con người về dân tộc tôn giáo, tâm lý tư duy, các tập tục xã giao... Cuốn sách sẽ đáp ứng thiết thực đối với mọi độc giả, mọi gia đình, mọi tổ chức... tham khảo....
محفوظ في:
| مؤلفون آخرون: | , , |
|---|---|
| التنسيق: | كتاب |
| اللغة: | Vietnamese |
| منشور في: |
Tp.HCM :
Nxb Mũi Cà Mau,
1998.
|
| الموضوعات: | |
| الوسوم: |
إضافة وسم
لا توجد وسوم, كن أول من يضع وسما على هذه التسجيلة!
|
| Thư viện lưu trữ: | Mạng thư viện Đại học Đà Nẵng |
|---|
| LEADER | 01305cam a2200349 i 4500 | ||
|---|---|---|---|
| 001 | 000042263 | ||
| 003 | 136 | ||
| 005 | 20041027162519.0 | ||
| 008 | 010217b1998 vm 000 vie | ||
| 020 | |c 160000 | ||
| 040 | |a IRC |c IRC |d IRC | ||
| 041 | 1 | |a vie | |
| 082 | 1 | 4 | |a 001.012 |b Tr-T |
| 245 | 0 | 0 | |a Tri thức bách khoa về những điều nên tránh / |c Nguyễn Quang Thái, Tạ Phú Chinh, Trần Lưu Di,..dịch. |
| 260 | |a Tp.HCM : |b Nxb Mũi Cà Mau, |c 1998. | ||
| 300 | |a 1346 tr. ; |c 20.5 cm. | ||
| 520 | 3 | |a Nội dung cuốn sách đề cập toàn bộ các vấn đề có liên quan đến sự sinh trưởng và cuộc sống của con người về dân tộc tôn giáo, tâm lý tư duy, các tập tục xã giao... Cuốn sách sẽ đáp ứng thiết thực đối với mọi độc giả, mọi gia đình, mọi tổ chức... tham khảo. | |
| 630 | 0 | 4 | |a Tri thức. |
| 650 | 0 | 4 | |a Tri thức bách khoa. |
| 700 | 1 | |a Nguyễn Quang Thái, |e dịch. | |
| 700 | 1 | |a Tạ Phú Chinh, |e dịch. | |
| 700 | 1 | |a Trần Lưu Di, |e dịch. | |
| OWN | |a DUT | ||
| 999 | |a From the UDN01 | ||
| TYP | |a Monograph | ||
| TYP | |a Printed language | ||
| 980 | |a Mạng thư viện Đại học Đà Nẵng | ||